Normal view MARC view
  • Plaha.K.K.etal.

Entry Personal Name

Number of records used in: 1

001 - CONTROL NUMBER

  • control field: 4243

003 - CONTROL NUMBER IDENTIFIER

  • control field: OSt

005 - DATE AND TIME OF LATEST TRANSACTION

  • control field: 20171006125650.0

008 - FIXED-LENGTH DATA ELEMENTS

  • fixed length control field: 171006|| aca||aabn | a|a d

040 ## - CATALOGING SOURCE

  • Original cataloging agency: OSt

100 ## - HEADING--PERSONAL NAME

  • Personal name: Plaha.K.K.etal.

Powered by Koha